000 01491nam a22002777a 4500
005 20121010141910.0
008 121010t xxu||||| |||| 00| 0 mar d
010 _aMAR-22866
020 _c400.00
_a8186152563
035 _aMR-15524
037 _bDBAD/PUB
040 _aDPL
_bMR
082 _a891.4609
100 _953016
245 _aसाहित्य,समाज आणि संस्कृती :
_bडॉ.गंगाधर पानतावणे गौरव ग्रंथ /
_cमनोहर जाधव,केशव देशमुख [तथा] ऋषिकेश कांबळे द्वारा संपादित
246 _aSahitya,Samaj Aani Sanskruti:Dr. Gangadhar Pantawane Gaurav Granth
_bedited by Manohar Jhadhav,Keshav Deshmukh and Rishikesh Kamble
260 _aपुणे
_bसुविद्या प्रकाशन
_c2006
270 _bपुणे
_a149,शनिवार पेठ,
_e411030
300 _a256पृ
_c22सेमी(अजिल्द)
_bसचित्र
650 _954401
700 _aजाधव, मनोहर
_954421
700 _aदेशमुख, केशव
_954422
700 _aकांबळे, ऋषिकेश
_954423
942 _2ddc
_cMR
_mसाहित्य
_h891.4609
999 _c72267
_d72267